| 000 | 01214cam a2200349 a 4500 | ||
|---|---|---|---|
| 999 |
_c353416 _d353416 |
||
| 001 | 1648244 | ||
| 003 | OSt | ||
| 005 | 20180116192406.0 | ||
| 008 | 961126s1996 enka b 001 0 eng d | ||
| 010 | _a 96223954 | ||
| 020 | _a0714830097 (hb) | ||
| 020 | _a0714834874 (pb) | ||
| 020 | _a9780714830094 | ||
| 035 | _a(MNU)notisAQU2939 | ||
| 035 | _a(OCoLC)35023622 | ||
| 040 |
_aEUE _cEUE _dEXW _dMnU _dDLC |
||
| 042 | _alccopycat | ||
| 082 | _a701.15 | ||
| 100 | 1 |
_aGombrich, E. H. _q(Ernst Hans), _d1909-2001. _987 |
|
| 245 | 1 | 4 |
_aThe essential Gombrich : _bselected writings on art and culture / _cedited by Richard Woodfield. |
| 260 |
_aLondon : _bPhaidon Press, _c1996. |
||
| 300 |
_a624 p. : _bill. ; _c25 cm. |
||
| 504 | _aIncludes bibliographical references (p. 591-614) and index. | ||
| 650 | 0 |
_aArt. _988 |
|
| 650 | 0 |
_aCreativity _xArt _989 |
|
| 650 | 0 |
_aArt _xPsychology _995 |
|
| 700 | 1 |
_aWoodfield, Richard. _990 |
|
| 906 |
_a7 _bcbc _ccopycat _d3 _encip _f19 _gy-gencatlg |
||
| 942 |
_2ddc _cBK |
||